[Event "C'est un classique III-B"]
[Site "chess.com"]
[Date "2020.12.13"]
[Round "5.11"]
[White "Perez, Phil"]
[Black "Georgescu-Nicolau, Luca"]
[Result "0-1"]
[WhiteElo "1279"]
[BlackElo "1314"]
[PlyCount "106"]
[EventDate "2020.11.15"]
[EventType "swiss"]
[EventRounds "5"]
[EventCountry "CAN"]

1. e4 e5 2. Nf3 Nc6 3. Bc4 Bc5 4. d3 Nf6 5. c3 d6 6. a4 a5 7. h3 h6 8. O-O O-O
9. Re1 Re8 10. Be3 Bxe3 11. Rxe3 Be6 12. Bxe6 fxe6 13. Nh4 d5 14. exd5 exd5 15.
Rg3 Qd7 16. Qf3 e4 17. Qxf6 Kh8 18. Qf4 exd3 19. Nd2 Re6 20. Ng6+ Kg8 21. Nf3
Qe8 22. Ngh4 Kh8 23. Qxc7 Re7 24. Qd6 Re6 25. Qxd5 Rd8 26. Qb3 d2 27. Nxd2 Rxd2
28. Qxb7 Re7 29. Qb3 Re1+ 30. Rxe1 Qxe1+ 31. Kh2 Rd1 32. Re3 Qg1+ 33. Kg3 Rd8
34. Qf7 Qc1 35. Qc7 Qxb2 36. Qxc6 Qb8+ 37. f4 Kh7 38. Qg6+ Kh8 39. Nf5 Rg8 40.
Nxh6 gxh6 41. Qxg8+ Qxg8+ 42. Kf3 Qc4 43. f5 Qxa4 44. Re4 Qc6 45. Kf4 Qxc3 46.
Re6 Kg7 47. Rg6+ Kf7 48. Kg4 Qd2 49. h4 Qxg2+ 50. Kh5 Qxg6+ 51. fxg6+ Kg7 52.
Kg4 a4 53. Kf3 a3 0-1

[Event "C'est un classique III-B"]
[Site "chess.com"]
[Date "2020.12.13"]
[Round "5.14"]
[White "Adam, Gabriel"]
[Black "Montmarquette, Yves"]
[Result "0-1"]
[WhiteElo "861"]
[BlackElo "1475"]
[PlyCount "66"]
[EventDate "2020.11.15"]
[EventType "swiss"]
[EventRounds "5"]
[EventCountry "CAN"]

1. e4 c5 2. Bc4 g6 3. Nf3 Bg7 4. d3 e6 5. Bf4 Ne7 6. Bg5 Nbc6 7. Nc3 O-O 8. O-O
f6 9. Bh4 d5 10. exd5 exd5 11. Bb5 a6 12. Bxc6 Nxc6 13. d4 c4 14. Ne5 g5 15.
Nxc6 bxc6 16. Bg3 h5 17. f3 h4 18. Bf2 Re8 19. g3 h3 20. Re1 Bf5 21. g4 Rxe1+
22. Qxe1 Bd7 23. b3 Qe8 24. bxc4 dxc4 25. d5 f5 26. dxc6 Bxc6 27. Qd1 Bxc3 28.
Rb1 Rd8 29. Qc1 f4 30. Bb6 Rd2 31. Qe1 Rg2+ 32. Kf1 Bxe1 33. Rxe1 Qf7 0-1

[Event "C'est un classique IV"]
[Site "Chess.com"]
[Date "2020.12.20"]
[Round "1.2"]
[White "Duval, Mathieu"]
[Black "Pomerantz, Daniel"]
[Result "0-1"]
[WhiteElo "1363"]
[BlackElo "2164"]
[PlyCount "70"]
[EventDate "2020.12.20"]
[EventType "swiss"]
[EventRounds "5"]
[EventCountry "CAN"]

1. d4 Nf6 2. c4 e6 3. Nc3 Bb4 4. Nf3 c5 5. Bf4 d6 6. e3 Nc6 7. Bd3 O-O 8. O-O
Bxc3 9. bxc3 h6 10. h3 b6 11. Bc2 Na5 12. Qe2 Ba6 13. Bd3 Rc8 14. Rfc1 Qd7 15.
d5 e5 16. Bxe5 dxe5 17. Nxe5 Qe7 18. f4 Nd7 19. d6 Qe6 20. g4 Nxe5 21. Bf5 Qxc4
22. Qxc4 Nexc4 23. Bxc8 Bxc8 24. Rd1 Rd8 25. e4 Rxd6 26. Rxd6 Nxd6 27. Rd1 Nab7
28. e5 Nb5 29. c4 Nd4 30. Kf2 Kf8 31. f5 Na5 32. Ke3 Nxc4+ 33. Ke4 Bb7+ 34. Kf4
Ke7 35. h4 Ne2# 0-1

[Event "C'est un classique IV"]
[Site "Chess.com"]
[Date "2020.12.20"]
[Round "1.3"]
[White "Adam, Rafael"]
[Black "Georgescu-Nicolau, Luca"]
[Result "0-1"]
[WhiteElo "2049"]
[BlackElo "1314"]
[PlyCount "110"]
[EventDate "2020.12.20"]
[EventType "swiss"]
[EventRounds "5"]
[EventCountry "CAN"]

1. d4 d5 2. c4 e6 3. Nc3 Nf6 4. cxd5 exd5 5. Bg5 c6 6. e3 h6 7. Bh4 Be7 8. Bd3
O-O 9. Nge2 Bg4 10. O-O Nbd7 11. f3 Be6 12. Bg3 Nb6 13. Nf4 Qd7 14. Rb1 Bf5 15.
Re1 Bxd3 16. Nxd3 Bd6 17. Bxd6 Qxd6 18. Na4 Nxa4 19. Qxa4 Rfe8 20. Qc2 Re7 21.
b4 Rae8 22. Qd2 Nd7 23. Rb3 Nb6 24. Nb2 a6 25. Rc1 Re6 26. a4 Qe7 27. Re1 Qg5
28. Qd3 Nc4 29. Nd1 Qh4 30. g3 Qe7 31. Kf2 b5 32. Nb2 Rb8 33. Qc3 Kf8 34. axb5
axb5 35. Qd3 g6 36. e4 Ra8 37. Re2 Ra2 38. e5 Qa7 39. Qc3 Rxe5 40. Rxe5 Nxe5
41. Qe3 Nc4 42. Qc3 Qe7 43. Qc1 Qg5 44. f4 Qf6 45. Qc3 Qf5 46. Qc1 Qe4 47. Qc3
Qb1 48. Kf3 Rxb2 49. Rxb2 Qxb2 50. Qe1 Qd2 51. Qa1 Qe3+ 52. Kg2 Qa3 53. Qe1 Qd3
54. Qa1 Ne3+ 55. Kh3 Qf5+ 0-1

[Event "C'est un classique IV"]
[Site "Chess.com"]
[Date "2020.12.20"]
[Round "1.5"]
[White "Latorre, Vincent"]
[Black "Yang, Jing Yao"]
[Result "1-0"]
[WhiteElo "1941"]
[BlackElo "1309"]
[PlyCount "59"]
[EventDate "2020.12.20"]
[EventType "swiss"]
[EventRounds "5"]
[EventCountry "CAN"]

1. e4 c5 2. Nf3 d6 3. d4 cxd4 4. Nxd4 Nf6 5. Nc3 g6 6. Be3 Bg7 7. Bc4 O-O 8. f3
Nc6 9. Qd2 Bd7 10. O-O-O Rc8 11. Bb3 Na5 12. h4 a6 13. h5 Nxh5 14. g4 Nf6 15.
Nd5 Nxb3+ 16. axb3 Re8 17. Nxf6+ Bxf6 18. Qh2 e5 19. Qxh7+ Kf8 20. Bh6+ Ke7 21.
g5 exd4 22. gxf6+ Ke6 23. Bg7 d5 24. Rxd4 dxe4 25. Qh3+ Ke5 26. Rxd7 Qa5 27.
f4+ Kxf4 28. Rf1+ Ke5 29. Qg3+ Ke6 30. Qd6# 1-0

[Event "C'est un classique IV"]
[Site "Chess.com"]
[Date "2020.12.20"]
[Round "1.7"]
[White "Laroche, Hugo"]
[Black "Bernard, Jeremie"]
[Result "1-0"]
[WhiteElo "1738"]
[BlackElo "1111"]
[PlyCount "39"]
[EventDate "2020.12.20"]
[EventType "swiss"]
[EventRounds "5"]
[EventCountry "CAN"]

1. d4 f5 2. Bf4 e6 3. Nf3 Nf6 4. e3 b6 5. Nbd2 Bb7 6. c3 Bd6 7. Bxd6 cxd6 8.
Be2 O-O 9. O-O d5 10. Rc1 Ne4 11. c4 dxc4 12. Bxc4 Rf6 13. d5 b5 14. Bb3 a5 15.
dxe6 dxe6 16. Nxe4 Qxd1 17. Nxf6+ gxf6 18. Bxe6+ Kg7 19. Rfxd1 Ra6 20. Rc7+ 1-0

[Event "C'est un classique IV"]
[Site "Chess.com"]
[Date "2020.12.20"]
[Round "1.8"]
[White "Crete, Mathys"]
[Black "Dube, Daniel"]
[Result "0-1"]
[WhiteElo "1098"]
[BlackElo "1697"]
[PlyCount "62"]
[EventDate "2020.12.20"]
[EventType "swiss"]
[EventRounds "5"]
[EventCountry "CAN"]

1. d4 Nf6 2. c4 e6 3. Nc3 Bb4 4. Qc2 d5 5. cxd5 Qxd5 6. Nf3 Qf5 7. Qxf5 exf5 8.
a3 Bxc3+ 9. bxc3 O-O 10. e3 b6 11. Bd3 g6 12. O-O Ba6 13. Bxa6 Nxa6 14. Nd2 c5
15. a4 Ne4 16. Nxe4 fxe4 17. Ba3 Rfd8 18. Rfc1 Rac8 19. h3 c4 20. Rcb1 Nc7 21.
a5 b5 22. Bc5 a6 23. Bb6 Rd7 24. f3 exf3 25. gxf3 Nd5 26. Re1 Nxc3 27. Bc5 Na4
28. Bb4 c3 29. Rac1 Rc4 30. Ba3 b4 31. Bxb4 Rxb4 0-1

[Event "C'est un classique IV"]
[Site "Chess.com"]
[Date "2020.12.20"]
[Round "1.9"]
[White "Magner, Wilhelm"]
[Black "Loevenich, Anna"]
[Result "1-0"]
[WhiteElo "1459"]
[BlackElo "952"]
[PlyCount "67"]
[EventDate "2020.12.20"]
[EventType "swiss"]
[EventRounds "5"]
[EventCountry "CAN"]

1. d4 Nf6 2. Bf4 c5 3. e3 d6 4. c3 g6 5. Nf3 Bg7 6. h3 O-O 7. Be2 Nc6 8. d5 Nb8
9. O-O Bf5 10. Nh4 Be4 11. Bf3 Qb6 12. Bxe4 Nxe4 13. Nd2 Nf6 14. c4 Qxb2 15.
Rb1 Qxa2 16. Rxb7 Nbd7 17. Rb1 Rfb8 18. Ra1 Qb2 19. Nhf3 Nh5 20. Qe2 Qf6 21.
Bg5 Qc3 22. Bxe7 Nb6 23. Bxd6 Rc8 24. g4 Nf6 25. Be5 Qb4 26. Rfb1 Qxb1+ 27.
Rxb1 Nfd7 28. Bxg7 Kxg7 29. Ne4 Nf6 30. Nxf6 Kxf6 31. Qb2+ Ke7 32. Qe5+ Kf8 33.
d6 Nxc4 34. Qh8# 1-0

[Event "C'est un classique IV"]
[Site "Chess.com"]
[Date "2020.12.27"]
[Round "2.1"]
[White "Pomerantz, Daniel"]
[Black "Magner, Wilhelm"]
[Result "0-1"]
[WhiteElo "2164"]
[BlackElo "1459"]
[PlyCount "144"]
[EventDate "2020.12.20"]
[EventType "swiss"]
[EventRounds "5"]
[EventCountry "CAN"]

1. e4 c6 2. d4 d5 3. e5 Bf5 4. Nf3 e6 5. Be2 c5 6. Be3 Qb6 7. Nc3 Nc6 8. dxc5
Bxc5 9. Bxc5 Qxc5 10. Nb5 Kf8 11. c3 Nge7 12. O-O Ng6 13. Nbd4 Ngxe5 14. Nxf5
exf5 15. Qd2 g6 16. b4 Qd6 17. Rad1 Rd8 18. Qh6+ Kg8 19. Rd2 Ng4 20. Qh4 Qf6
21. Qxf6 Nxf6 22. b5 Ne7 23. c4 Rc8 24. cxd5 Nexd5 25. Ne5 Nb6 26. Bf3 Rc7 27.
Rfd1 Kg7 28. Nd3 Rd8 29. Nb4 Rxd2 30. Rxd2 Rc1+ 31. Rd1 Rxd1+ 32. Bxd1 Ne4 33.
a4 Nc3 34. Bf3 Nbxa4 35. Bxb7 Nxb5 36. Kf1 Nac3 37. Ba6 Nc7 38. Bc4 a5 39. Nc2
N7b5 40. Ke1 Kf6 41. f3 Nd6 42. Ba6 Ndb5 43. Kd2 a4 44. Na3 Nc7 45. Bc4 N3d5
46. g3 Ke5 47. Kd3 Nb4+ 48. Kd2 f6 49. f4+ Ke4 50. Bg8 h6 51. Nc4 Kf3 52. Bh7
g5 53. fxg5 fxg5 54. Bxf5 Kg2 55. Ke2 Kxh2 56. Kf2 Nb5 57. Nd2 Nc3 58. Nf1+ Kh1
59. Bh3 Nd3+ 60. Kf3 g4+ 61. Bxg4 Ne5+ 62. Kf4 Nxg4 63. Kxg4 a3 64. Nd2 a2 65.
Nb3 Ne4 66. Kh5 Nxg3+ 67. Kxh6 Kg2 68. Kg5 Kf3 69. Na1 Ke4 70. Kg4 Ne2 71. Nb3
Kd3 72. Kf3 Nd4+ 0-1

[Event "C'est un classique IV"]
[Site "Chess.com"]
[Date "2020.12.27"]
[Round "2.2"]
[White "Turcotte, Jonathan"]
[Black "Cormier, Benoit"]
[Result "1-0"]
[WhiteElo "2035"]
[BlackElo "1393"]
[PlyCount "63"]
[EventDate "2020.12.20"]
[EventType "swiss"]
[EventRounds "5"]
[EventCountry "CAN"]

1. d4 Nf6 2. c4 e6 3. Nf3 b6 4. g3 Bb7 5. Bg2 Be7 6. O-O O-O 7. Re1 Re8 8. Qc2
d5 9. cxd5 exd5 10. Bf4 c5 11. Nc3 Nc6 12. Rad1 Rc8 13. Bh3 Ra8 14. e4 Nb4 15.
Qb1 Bc8 16. Bg2 Nh5 17. Be3 Be6 18. a3 Na6 19. exd5 Bg4 20. h3 Bxf3 21. Bxf3
Nxg3 22. fxg3 Bd6 23. Bf2 Qf6 24. Kg2 Nc7 25. Ne4 Qg6 26. dxc5 bxc5 27. Nxc5
Qg5 28. Ne4 Qg6 29. Nxd6 Qxd6 30. Rxe8+ Rxe8 31. b4 a6 32. Bc5 1-0

[Event "C'est un classique IV"]
[Site "Chess.com"]
[Date "2020.12.27"]
[Round "2.4"]
[White "Georgescu-Nicolau, Luca"]
[Black "Laroche, Hugo"]
[Result "0-1"]
[WhiteElo "1314"]
[BlackElo "1738"]
[PlyCount "136"]
[EventDate "2020.12.20"]
[EventType "swiss"]
[EventRounds "5"]
[EventCountry "CAN"]

1. d4 d5 2. c4 c6 3. Nf3 Bf5 4. Nc3 e6 5. cxd5 exd5 6. Bg5 Be7 7. Bxe7 Qxe7 8.
e3 Nf6 9. Bd3 Bxd3 10. Qxd3 Nbd7 11. O-O O-O 12. Rfe1 Ne4 13. Nd2 f5 14. f3
Nxd2 15. Qxd2 Rae8 16. e4 fxe4 17. fxe4 dxe4 18. Qd1 Qf7 19. Qd2 Qe7 20. Nxe4
Nf6 21. Nc5 Qf7 22. b3 b6 23. Rxe8 Rxe8 24. Nd3 Qd5 25. Nf4 Qd6 26. Rd1 Ng4 27.
g3 c5 28. d5 Nf6 29. Qd3 Re4 30. Ne6 Re5 31. Nf4 g5 32. Ne2 Rxd5 33. Qc4 Kg7
34. Rxd5 Qxd5 35. Qa6 Qd1+ 36. Kg2 Qd5+ 37. Kg1 Kg6 38. h4 Qf3 39. Qc4 gxh4 40.
Nf4+ Kg7 41. Ne6+ Kh8 42. Qxh4 Qe3+ 43. Kh2 Qxe6 44. Kg2 Qe4+ 45. Qxe4 Nxe4 46.
Kf3 Nc3 47. a3 Nb1 48. b4 Nxa3 49. bxc5 bxc5 50. Ke4 c4 51. Kd4 Kg7 52. Kc3 Kg6
53. Kb4 Kg5 54. Kxa3 Kg4 55. Kb4 Kxg3 56. Kxc4 h5 57. Kb5 h4 58. Ka6 h3 59.
Kxa7 h2 60. Kb8 h1=Q 61. Kc7 Qd1 62. Kc6 Kf4 63. Kc5 Ke4 64. Kc4 Qc2+ 65. Kb5
Kd5 66. Kb6 Qc4 67. Ka7 Qb5 68. Ka8 Kc6 0-1

[Event "C'est un classique IV"]
[Site "Chess.com"]
[Date "2020.12.27"]
[Round "2.5"]
[White "Dube, Daniel"]
[Black "Imbeault, Marc"]
[Result "1-0"]
[WhiteElo "1697"]
[BlackElo "1190"]
[PlyCount "69"]
[EventDate "2020.12.20"]
[EventType "swiss"]
[EventRounds "5"]
[EventCountry "CAN"]

1. Nf3 d5 2. d4 e6 3. g3 c5 4. c4 Nf6 5. cxd5 exd5 6. Nc3 Nc6 7. Bg2 Be7 8. O-O
O-O 9. Bg5 b6 10. Rc1 Be6 11. dxc5 bxc5 12. Na4 c4 13. b3 Na5 14. Nd4 Ne4 15.
Bxe7 Qxe7 16. bxc4 Nxc4 17. Bxe4 dxe4 18. Nxe6 Qxe6 19. Qd4 Nb6 20. Nc3 Rfe8
21. Rfd1 Rac8 22. a4 a6 23. a5 Na8 24. Qd6 e3 25. f3 Nc7 26. Qxe6 Nxe6 27. Nd5
Nc5 28. Rc4 Kf8 29. Rdc1 Rb8 30. Rxc5 Rb2 31. Kf1 Rbb8 32. Nb6 Rbd8 33. Rc8 Rd2
34. Rxe8+ Kxe8 35. Nc4 1-0

[Event "C'est un classique IV"]
[Site "Chess.com"]
[Date "2020.12.27"]
[Round "2.6"]
[White "Varro, Daniel"]
[Black "Fortin, Anne-Esmee"]
[Result "1-0"]
[WhiteElo "1831"]
[BlackElo "1339"]
[PlyCount "85"]
[EventDate "2020.12.20"]
[EventType "swiss"]
[EventRounds "5"]
[EventCountry "CAN"]

1. c4 e5 2. Nc3 Nf6 3. g3 Nc6 4. Bg2 Bc5 5. e3 d6 6. Nge2 O-O 7. O-O Re8 8. d4
exd4 9. Nxd4 Nxd4 10. exd4 Bb6 11. b4 c5 12. bxc5 dxc5 13. d5 Bc7 14. Qc2 h6
15. Ba3 Bd6 16. Rfe1 Bd7 17. Ne4 Nxe4 18. Bxe4 Bh3 19. Bb2 Qd7 20. Re3 b6 21.
Rae1 Re7 22. Bg2 Rxe3 23. Rxe3 Bxg2 24. Kxg2 Re8 25. Qc3 f6 26. Qe1 Rxe3 27.
Qxe3 Qf7 28. f4 Qd7 29. Qe6+ Qxe6 30. dxe6 Kf8 31. Kf3 Ke7 32. f5 Kd8 33. Ke4
Kc7 34. Kd5 Be7 35. a4 a5 36. Bc1 Bd6 37. Bf4 Bxf4 38. gxf4 h5 39. h4 Kd8 40.
Kc6 Ke7 41. Kxb6 g6 42. fxg6 Kxe6 43. Kxc5 1-0

[Event "C'est un classique IV"]
[Site "Chess.com"]
[Date "2020.12.27"]
[Round "2.7"]
[White "Houde, Jean-Francois"]
[Black "Lemay, Marc-Antoine"]
[Result "0-1"]
[WhiteElo "1043"]
[BlackElo "1408"]
[PlyCount "62"]
[EventDate "2020.12.20"]
[EventType "swiss"]
[EventRounds "5"]
[EventCountry "CAN"]

1. e4 c5 2. Nf3 d6 3. Bc4 Nc6 4. O-O Nf6 5. d3 Bg4 6. h3 Bh5 7. Nc3 e6 8. a3
Be7 9. Bg5 O-O 10. Bf4 Nd4 11. g4 Nxg4 12. hxg4 Bxg4 13. Kg2 Bxf3+ 14. Qxf3
Nxf3 15. Kxf3 Bg5 16. Ne2 Bxf4 17. Nxf4 Qf6 18. Ke3 Qxb2 19. Kd2 Qe5 20. Ne2
Qg5+ 21. f4 Qd8 22. Rh1 d5 23. exd5 exd5 24. Ba2 c4 25. Bb1 Qf6 26. d4 Rfe8 27.
c3 h6 28. f5 Qg5+ 29. Kd1 Rxe2 30. Kxe2 Qg2+ 31. Kd1 Qxh1+ 0-1

[Event "C'est un classique IV"]
[Site "Chess.com"]
[Date "2020.12.27"]
[Round "2.8"]
[White "Tanaka, Tyler"]
[Black "Duval, Mathieu"]
[Result "1-0"]
[WhiteElo "2250"]
[BlackElo "1363"]
[PlyCount "113"]
[EventDate "2020.12.20"]
[EventType "swiss"]
[EventRounds "5"]
[EventCountry "CAN"]

1. Nf3 c5 2. g3 Nc6 3. d4 cxd4 4. Nxd4 d6 5. Bg2 Bd7 6. O-O g6 7. c4 Bg7 8. Nc2
Nf6 9. Nc3 O-O 10. Ne3 Rc8 11. Qd2 b6 12. b3 a6 13. Bb2 Na7 14. a4 Rb8 15. Rfd1
Nc6 16. Ncd5 Nxd5 17. Nxd5 Na5 18. Bxg7 Kxg7 19. b4 Nc6 20. Qc3+ f6 21. c5 bxc5
22. bxc5 dxc5 23. Nxf6 Nd4 24. Nxd7 Qxd7 25. e3 Rb3 26. Qe1 Rb2 27. exd4 Rfxf2
28. Qxf2 Rxf2 29. Kxf2 cxd4 30. Re1 Qf5+ 31. Kg1 e5 32. Rad1 Qc2 33. Bf3 Qb3
34. Bc6 Qc2 35. Rc1 Qd2 36. Bf3 Qd3 37. Rc7+ Kh6 38. Kf2 Qd2+ 39. Re2 Qa5 40.
Rd7 Qxa4 41. Rd5 Qc4 42. Rexe5 d3 43. Re1 Qc2+ 44. Kg1 a5 45. Rd1 a4 46. R5xd3
Qc5+ 47. Kg2 Qc2+ 48. R1d2 Qc1 49. Ra2 Qc4 50. Rda3 Qc1 51. Rxa4 Qe3 52. Rh4+
Kg7 53. Rb2 g5 54. Rc4 Qe5 55. Rb7+ Kf6 56. Rc6+ Kf5 57. Rf7+ 1-0

[Event "C'est un classique IV"]
[Site "Chess.com"]
[Date "2020.12.27"]
[Round "2.9"]
[White "Bernard, Jeremie"]
[Black "Adam, Rafael"]
[Result "0-1"]
[WhiteElo "1111"]
[BlackElo "2049"]
[PlyCount "72"]
[EventDate "2020.12.20"]
[EventType "swiss"]
[EventRounds "5"]
[EventCountry "CAN"]

1. e4 e5 2. Nf3 Nc6 3. Bc4 Bc5 4. b4 Bb6 5. b5 Na5 6. Be2 d6 7. O-O f5 8. exf5
Bxf5 9. Nc3 Nf6 10. d3 O-O 11. Nh4 Be6 12. Bg5 Qe8 13. Bxf6 Rxf6 14. Ne4 Rh6
15. Nf3 Qxb5 16. Nfg5 Bf5 17. Bg4 Qd7 18. Bf3 Rf8 19. Ng3 Bg6 20. Bg4 Qe7 21.
Ne6 Qh4 22. Bh3 Rf6 23. Qg4 Nc6 24. Qc4 Qxc4 25. dxc4 Bxc2 26. Rac1 Bd3 27.
Rfd1 Bxf2+ 28. Kh1 Bxg3 29. Rxd3 Bf4 30. Rb1 Rxe6 31. Bxe6+ Rxe6 32. Rxb7 e4
33. Rh3 e3 34. Rxc7 e2 35. Rc8+ Kf7 36. Rc7+ Ne7 0-1

[Event "C'est un classique IV"]
[Site "Chess.com"]
[Date "2021.01.03"]
[Round "3.1"]
[White "Laroche, Hugo"]
[Black "Turcotte, Jonathan"]
[Result "1-0"]
[WhiteElo "1738"]
[BlackElo "2035"]
[PlyCount "85"]
[EventDate "2020.12.20"]
[EventType "swiss"]
[EventRounds "5"]
[EventCountry "CAN"]

1. d4 d5 2. Bf4 c5 3. e3 Nc6 4. c3 Nf6 5. Bd3 Qb6 6. Qc1 Bg4 7. Nd2 Rc8 8. Qb1
Bh5 9. Ngf3 Bg6 10. dxc5 Qxc5 11. Nb3 Qb6 12. O-O e6 13. Bxg6 hxg6 14. Nbd2 Be7
15. h3 O-O 16. Re1 Rfd8 17. b3 Qc5 18. Qd3 b5 19. Rac1 a6 20. Qb1 Qb6 21. e4
dxe4 22. Nxe4 Nd5 23. Bg3 Ba3 24. Rc2 Nce7 25. Rd1 Nf5 26. Bh2 Rc6 27. c4 bxc4
28. Ne5 Rcc8 29. Nxc4 Qb4 30. g4 Nfe3 31. Nxe3 Nxe3 32. Rxc8 Rxc8 33. fxe3 f5
34. Nd6 Rc3 35. Nc4 Qb7 36. Kf2 Bc5 37. Be5 Qf7 38. Bxc3 fxg4+ 39. Kg1 Qf3 40.
Qc2 gxh3 41. Kh2 g5 42. Rd8+ Bf8 43. Bb4 1-0

[Event "C'est un classique IV"]
[Site "Chess.com"]
[Date "2021.01.03"]
[Round "3.2"]
[White "Magner, Wilhelm"]
[Black "Dube, Daniel"]
[Result "1-0"]
[WhiteElo "1459"]
[BlackElo "1697"]
[PlyCount "115"]
[EventDate "2020.12.20"]
[EventType "swiss"]
[EventRounds "5"]
[EventCountry "CAN"]

1. d4 Nf6 2. Bf4 e6 3. e3 b6 4. c3 Bb7 5. Nd2 d6 6. Ngf3 Nbd7 7. Bd3 h6 8. h3
Be7 9. O-O g5 10. Bh2 Rg8 11. e4 g4 12. hxg4 Nxg4 13. Qe2 Nxh2 14. Nxh2 Bg5 15.
f4 Bh4 16. f5 e5 17. Bc4 Nf6 18. Rad1 Qe7 19. dxe5 dxe5 20. Bb5+ c6 21. Ba6
O-O-O 22. Bxb7+ Kxb7 23. Nc4 Bg3 24. Rxd8 Bxh2+ 25. Kxh2 Ng4+ 26. Kh3 Qxd8 27.
Qd2 Qxd2 28. Nxd2 Ne3 29. Rg1 Rd8 30. Nf3 f6 31. Kh4 Rg8 32. g4 Kc7 33. Kh5 Kd7
34. Kxh6 Rxg4 35. Rxg4 Nxg4+ 36. Kg7 Ke7 37. Nh4 Nf2 38. Ng6+ Ke8 39. Kxf6
Nxe4+ 40. Kxe5 Ng5 41. Kf6 Nh7+ 42. Kg7 Ng5 43. f6 Nf7 44. Nf4 c5 45. Nd5 Ne5
46. Kg8 Kd7 47. f7 Nxf7 48. Kxf7 Kc6 49. Ke6 c4 50. Nb4+ Kc5 51. Kd7 a5 52. Nc2
b5 53. a3 Kd5 54. Kc7 Ke4 55. Kb6 Kd3 56. Ne1+ Kd2 57. Kxb5 Kxe1 58. Kxc4 1-0

[Event "C'est un classique IV"]
[Site "Chess.com"]
[Date "2021.01.03"]
[Round "3.4"]
[White "Courtemanche, Sylvain"]
[Black "Varro, Daniel"]
[Result "0-1"]
[WhiteElo "1440"]
[BlackElo "1831"]
[PlyCount "58"]
[EventDate "2020.12.20"]
[EventType "swiss"]
[EventRounds "5"]
[EventCountry "CAN"]

1. e4 c6 2. d4 d5 3. exd5 cxd5 4. c4 Nf6 5. Nc3 g6 6. cxd5 Nxd5 7. Bc4 Nb6 8.
Bb5+ Bd7 9. Bf4 Bg7 10. a4 a6 11. Be2 Bc6 12. Nf3 Nd5 13. Bg3 O-O 14. O-O Nd7
15. a5 e6 16. Ne4 N7f6 17. Nd6 Nh5 18. Ne4 Nxg3 19. Nxg3 Ne7 20. Ne5 Rc8 21. f3
Bd5 22. Ne4 Nc6 23. Nxc6 Bxc6 24. d5 Bxd5 25. Rb1 Qxa5 26. b4 Qa2 27. Nc5 Rfd8
28. Qe1 b6 29. Nxa6 Rc2 0-1

[Event "C'est un classique IV"]
[Site "Chess.com"]
[Date "2021.01.03"]
[Round "3.5"]
[White "Georgescu-Nicolau, Luca"]
[Black "Tanaka, Tyler"]
[Result "0-1"]
[WhiteElo "1314"]
[BlackElo "2250"]
[PlyCount "87"]
[EventDate "2020.12.20"]
[EventType "swiss"]
[EventRounds "5"]
[EventCountry "CAN"]

1. d4 d5 2. c4 dxc4 3. e3 e5 4. Bxc4 Nc6 5. Ne2 Nf6 6. Nbc3 exd4 7. Nxd4 Nxd4
8. Qxd4 Qxd4 9. exd4 Bb4 10. O-O O-O 11. Bf4 c6 12. f3 Bf5 13. Rfe1 Rfe8 14. a3
Ba5 15. Kf1 Bb6 16. Be3 Rad8 17. Rad1 Be6 18. Bxe6 Rxe6 19. Bf2 Rxe1+ 20. Kxe1
Nd5 21. Nxd5 Rxd5 22. Ke2 f6 23. b4 Kf7 24. Kd3 Bc7 25. h3 a5 26. Kc4 b5+ 27.
Kc3 Ke6 28. Re1+ Kd7 29. g4 Bd8 30. Bg3 Bb6 31. Rd1 c5 32. Bf2 Kc6 33. Be3 Rd7
34. Rd2 cxb4+ 35. axb4 Kd5 36. Kb3 a4+ 37. Ka3 Rc7 38. Kb2 Rc4 39. Rd3 Rxb4+
40. Ka2 Rc4 41. Ka3 Bc7 42. Bf2 Rc2 43. Be1 Kc4 44. Rc3+ 0-1

[Event "C'est un classique IV"]
[Site "Chess.com"]
[Date "2021.01.03"]
[Round "3.6"]
[White "Imbeault, Marc"]
[Black "Pomerantz, Daniel"]
[Result "0-1"]
[WhiteElo "1190"]
[BlackElo "2164"]
[PlyCount "86"]
[EventDate "2020.12.20"]
[EventType "swiss"]
[EventRounds "5"]
[EventCountry "CAN"]

1. e4 c5 2. Nf3 e6 3. d3 Nc6 4. Nbd2 Nf6 5. g3 Be7 6. Bg2 d6 7. O-O O-O 8. c3
Qc7 9. Re1 Bd7 10. Nf1 Rac8 11. Bg5 Rfd8 12. Bxf6 Bxf6 13. Ne3 b5 14. Ng4 Be7
15. Qd2 Ne5 16. Ngxe5 dxe5 17. Rac1 a5 18. c4 b4 19. a3 Rb8 20. Qc2 Bf6 21. Nd2
Bc6 22. Ra1 Bg5 23. Nf3 Be7 24. b3 bxa3 25. Rxa3 Rb4 26. Rea1 a4 27. bxa4 Rdb8
28. a5 f5 29. Qc3 Bf6 30. Nd2 Qd7 31. a6 Qa7 32. Nf3 fxe4 33. Nxe5 Rb1+ 34.
Rxb1 Rxb1+ 35. Bf1 e3 36. fxe3 Ba8 37. d4 cxd4 38. Qd3 dxe3 39. Qxe3 Qc7 40.
Ng4 Qxc4 41. Nxf6+ gxf6 42. Qf2 Qe4 43. Re3 Qh1# 0-1

[Event "C'est un classique IV"]
[Site "Chess.com"]
[Date "2021.01.03"]
[Round "3.7"]
[White "Adam, Rafael"]
[Black "Yang, Jing Yao"]
[Result "1-0"]
[WhiteElo "2049"]
[BlackElo "1309"]
[PlyCount "61"]
[EventDate "2020.12.20"]
[EventType "swiss"]
[EventRounds "5"]
[EventCountry "CAN"]

1. d4 Nf6 2. Bg5 d5 3. e3 e6 4. Bd3 c5 5. c3 Nbd7 6. f4 h6 7. Bh4 Be7 8. Nf3
Ne4 9. Bxe7 Qxe7 10. O-O O-O 11. Ne5 Nxe5 12. fxe5 Bd7 13. Nd2 Nxd2 14. Qxd2 c4
15. Bc2 f6 16. exf6 Rxf6 17. e4 Bc6 18. e5 Rff8 19. Qe3 Qh4 20. Rae1 b5 21. Bb1
a5 22. Qe2 Bd7 23. Qc2 Rf5 24. Rxf5 exf5 25. g3 Qg5 26. e6 Be8 27. Qxf5 Qd2 28.
Qh7+ Kf8 29. e7+ Kf7 30. Qf5+ Kg8 31. Qf8# 1-0

[Event "C'est un classique IV"]
[Site "Chess.com"]
[Date "2021.01.03"]
[Round "3.8"]
[White "Cormier, Benoit"]
[Black "Crete, Mathys"]
[Result "1-0"]
[WhiteElo "1393"]
[BlackElo "1098"]
[PlyCount "65"]
[EventDate "2020.12.20"]
[EventType "swiss"]
[EventRounds "5"]
[EventCountry "CAN"]

1. e4 c6 2. Nf3 d5 3. Nc3 dxe4 4. Nxe4 Nf6 5. Nxf6+ exf6 6. d4 Bd6 7. Be3 O-O
8. Be2 Re8 9. O-O Nd7 10. c4 b6 11. Qc2 Ba6 12. Rfe1 c5 13. d5 Ne5 14. h3 Qd7
15. b3 b5 16. Nxe5 Bxe5 17. Rad1 Rac8 18. Bg4 Qc7 19. Bxc8 Rxc8 20. Qd2 bxc4
21. bxc4 Bxc4 22. d6 Qd7 23. f4 Bd4 24. Bxd4 cxd4 25. Qxd4 Be6 26. Rc1 Rd8 27.
Red1 Bxa2 28. Rc7 Qe6 29. d7 Bb3 30. Rd2 h5 31. Rc8 h4 32. Rxd8+ Kh7 33. Re8
1-0

[Event "C'est un classique IV"]
[Site "Chess.com"]
[Date "2021.01.03"]
[Round "3.9"]
[White "Fortin, Anne-Esmee"]
[Black "Loevenich, Anna"]
[Result "1-0"]
[WhiteElo "1339"]
[BlackElo "952"]
[PlyCount "65"]
[EventDate "2020.12.20"]
[EventType "swiss"]
[EventRounds "5"]
[EventCountry "CAN"]

1. e4 e5 2. Nf3 Nf6 3. Nc3 d6 4. Bc4 Be6 5. Bxe6 fxe6 6. O-O Nc6 7. d3 d5 8.
Re1 d4 9. Ne2 Bc5 10. a3 Qd7 11. b4 Bd6 12. c3 dxc3 13. Nxc3 a6 14. h3 O-O 15.
Be3 Nh5 16. Qd2 Nf4 17. Bxf4 exf4 18. e5 Be7 19. Ne2 g5 20. d4 Rad8 21. Rad1
Qd5 22. Qc2 Qd7 23. Rd2 Nxb4 24. axb4 Bxb4 25. Nc3 Qc6 26. Nxg5 Qd7 27. Qb3
Bxc3 28. Qxc3 Qd5 29. Qxc7 Rd7 30. Qb6 Rf5 31. Qxe6+ Qxe6 32. Nxe6 f3 33. g4
1-0

[Event "C'est un classique IV"]
[Site "Chess.com"]
[Date "2021.01.03"]
[Round "3.10"]
[White "Duval, Mathieu"]
[Black "Houde, Jean-Francois"]
[Result "1-0"]
[WhiteElo "1363"]
[BlackElo "1043"]
[PlyCount "91"]
[EventDate "2020.12.20"]
[EventType "swiss"]
[EventRounds "5"]
[EventCountry "CAN"]

1. d4 Nf6 2. c4 g6 3. Nc3 Bg7 4. e4 d6 5. f4 e5 6. dxe5 dxe5 7. Qxd8+ Kxd8 8.
fxe5 Ng4 9. Bg5+ f6 10. exf6 Bxf6 11. Bxf6+ Nxf6 12. Rd1+ Ke7 13. Nd5+ Nxd5 14.
exd5 Bg4 15. Be2 Bxe2 16. Nxe2 Re8 17. O-O Kd6 18. Nf4 Nd7 19. Ne6 Nc5 20. Rfe1
Nxe6 21. dxe6+ Ke7 22. Rd7+ Kf6 23. Rf7+ Kg5 24. Rxc7 Rac8 25. Rxc8 Rxc8 26. e7
Re8 27. Kf2 Kf6 28. Re2 Rxe7 29. Rxe7 Kxe7 30. Ke3 Kd6 31. Kd4 b6 32. b4 a6 33.
a4 h5 34. h4 Kc6 35. b5+ axb5 36. axb5+ Kd6 37. g3 Kc7 38. Ke5 Kd7 39. Kf6 Kd6
40. Kxg6 Kc5 41. Kxh5 Kxc4 42. Kg5 Kxb5 43. h5 Ka6 44. h6 b5 45. h7 b4 46. h8=Q
1-0